000
00288nam a22001337a 4500
008
181016b xxu||||| |||| 00| 0 eng d
020
_a
9780072318784
041
_a
eng
080
_2
3 ed
_a
579
100
_a
11
101
_a
bio
245
_a
Microbiologgy
_c
Nester.a
942
_2
udc
_c
BK
999
_c
49805
_d
49805